Cervantes creador de la novela corta española / (Record no. 74226)

MARC details
000 -LEADER
campo de control de longitud fija 00939nam a2200217 i 4500
001 - NÚMERO DE CONTROL
campo de control 74226
003 - IDENTIFICADOR DE NÚMERO DE CONTROL
campo de control ES-MaACL
005 - FECHA Y HORA DE LA ÚLTIMA TRANSACCIÓN
campo de control 20240222171432.0
007 - CAMPO FIJO DE DESCRIPCIÓN FÍSICA--INFORMACIÓN GENERAL
campo de control de longitud fija t|
008 - DATOS DE LONGITUD FIJA--INFORMACIÓN GENERAL
campo de control de longitud fija 040916s1982 sp ||||1| spa d
080 ## - NÚMERO DE LA CLASIFICACIÓN DECIMAL UNIVERSAL
Número de la Clasificación Decimal Universal 821.134.2 Cervantes Saavedra, Miguel de 7 Novelas ejemplares.07
100 1# - ENTRADA PRINCIPAL--NOMBRE DE PERSONA
Nombre de persona Amezúa y Mayo, Agustín G. de,
Fechas asociadas al nombre 1881-1956
9 (RLIN) 21219
245 10 - MENCIÓN DEL TÍTULO
Título Cervantes creador de la novela corta española /
Mención de responsabilidad, etc. introducción a la edición crítica y comentada de las novelas ejemplares por Agustín G. de Amezúa y Mayo.
260 ## - PUBLICACIÓN, DISTRIBUCIÓN, ETC.
Lugar de publicación, distribución, etc. Madrid :
Nombre del editor, distribuidor, etc. Instituto Miguel de Cervantes,
Fecha de publicación, distribución, etc. 1982.
300 ## - DESCRIPCIÓN FÍSICA
Extensión 2 v. ;
Dimensiones 25 cm.
490 1# - MENCIÓN DE SERIE
Mención de serie Clásicos hispánicos. Serie IV ;
Designación de volumen o secuencia 1 ; 2
600 14 - PUNTO DE ACCESO ADICIONAL DE MATERIA--NOMBRE DE PERSONA
Nombre de persona Cervantes Saavedra, Miguel de,
Fechas asociadas al nombre 1547-1616.
Título de la obra Novelas ejemplares-
Subdivisión general Crítica e interpretación
9 (RLIN) 37622
830 0# - PUNTO DE ACCESO ADICIONAL DE SERIE-TÍTULO UNIFORME
Título uniforme Clásicos hispánicos. Serie IV ;
Designación de volumen o secuencia 1 ; 2
9 (RLIN) 183436
852 ## - LOCALIZACIÓN
Ubicación ES-MaACL
Número de control de estantería L-4238-9
Sublocalización o colección R.104930
Holdings
Estatus retirado Estado de pérdida Estado de daño No para préstamo Biblioteca de origen Biblioteca actual Ubicación en estantería Fecha de adquisición Fuente de adquisición Total de préstamos Signatura topográfica completa Código de barras Visto por última vez Precio de reemplazo Tipo de ítem Koha
        Biblioteca del Ateneo de Madrid Biblioteca del Ateneo de Madrid Depósito 2 17/01/2008     L-4238-9 1077699 23/02/2023 23/02/2023 Libro impreso